Statystyki dla Chrzanów - Osiedla, 3 min

Kliknij tutaj aby rozwiązać quiz!

Ogólne statystyki

  • Ten quiz został rozwiązany 18 razy
  • Średni wynik to 5 z 11

Statystyki odpowiedzi

HintOdpowiedź% Poprawnych
5.Północ
77%
1.Śródmieście
77%
6.Kościelec
62%
4.Młodości
62%
7.Niepodległości
62%
9.Stella
54%
11.Stara Huta
46%
10.Borowiec
38%
2.Kąty 1
15%
3.Kąty 2
15%
8.Rozpontowa
15%

Rozkład punktacji

Percentyl według liczby udzielonych odpowiedzi

Procent ludzi z każdym wynikiem

Twoja historia wyników

Nie rozwiązałeś tego quizu